000 00520nam a22001817a 4500
005 20251108164229.0
008 250721s1986 xx 000 0 ara d
082 1 4 _a916.211/فؤا
100 1 _aفؤاد، نعمات أحمد
245 1 0 _aالقاهرة في حياتي /
264 1 _aالقاهرة :
_bالهيئة المصرية العامة،
_c1986.
300 _a159 ص
650 1 7 _aالرحلات الجغرافية
650 1 7 _aمصر
650 1 7 _aالقاهرة
942 _2ddc
_cBK
999 _c6970
_d6970